000 nam a22 a 4500
999 _c3351
_d3351
005 20170522121034.0
008 170522s1982 us ||||| |||| 00| 0 eng d
020 _a0394328639
040 _aAKMAL
082 _a658.3 WHE
090 _a658.3
_bWHE
100 1 _aKenneth Wheeler
_96792
245 _aPracticing HUman Resource Administration
_bCases, Issues, and Experiences in Personnel/Industrial Realations Decisions
_cKenneth Wheeler, Marc J.Wallace, Jr, N.Fredric Crandall, Charles H.Fay
260 _aNew york
_bRandom House Business Division
_c1982
300 _a371p
_c26cm
650 _aadministration
_96793
942 _2ddc
_cBOOK